000 00657nam a2200217Ia 4500
003 GCL
008 140319s9999 xx 000 0 ara d
040 _aGCL /
_cGCL
082 0 4 _aط
_b610
_bم م
100 1 _aاحمد السعيد يونس
245 1 0 _aالجهاز الحركى /
_cاحمد السعيد يونس
700 1 _aرواية محمد الخضرة
260 _a[S.N] :
_bدار الفكر العربى
300 _a20 ص
490 _aسلسلة المعرفة الطبية للناشئين
_v0
650 0 4 _aالطب
650 0 4 _aالاطفال
650 0 4 _aالعلاج
650 0 4 _aجسم الانسان
942 _2ddc
_cBK
999 _c56276
_d56276